[Event "Hamburg-chT Landesliga 2122"]
[Site "Hamburg"]
[Date "2022.05.15"]
[Round "4.2"]
[White "De Voogt, Juergen"]
[Black "Garner, Isaac"]
[Result "1/2-1/2"]
[WhiteElo "2239"]
[BlackElo "2137"]
[PlyCount "84"]
[EventDate "2021.10.31"]
[EventType "team-tourn"]
[EventRounds "9"]
[EventCountry "GER"]
[SourceTitle "EXT 2023"]
[Source "ChessBase"]
[SourceDate "2022.10.05"]
[SourceVersion "1"]
[SourceVersionDate "2022.10.05"]
[SourceQuality "1"]
[WhiteTeam "Fischbek"]
[BlackTeam "Hamburger SK VI"]
[WhiteTeamCountry "GER"]
[BlackTeamCountry "GER"]

1. e4 c5 2. Nc3 Nc6 3. g3 g6 4. Bg2 Bg7 5. d3 d6 6. Nge2 e6 7. Be3 Nd4 8. 0-0 Ne7 9. Qd2 0-0 10. Rae1 Rb8 11. Nc1 b6 12. f4 Bb7 13. Nd1 d5 14. e5 Ndc6 15. g4 f6 16. exf6 Bxf6 17. Ne2 e5 18. h3 Qd7 19. fxe5 Nxe5 20. Bg5 Bg7 21. Ndc3 Rbe8 22. Ng3 d4 23. Nce4 Nd5 24. Rxf8+ Rxf8 25. Rf1 Nf7 26. Bf6 Ne3 27. Rf3 Ne5 28. Bxe5 Rxf3 29. Bxf3 Bxe5 30. Nf1 Qf7 31. Ng5 Qf6 32. Qf2 Qxg5 33. Bxb7 Bf4 34. Bf3 Kg7 35. h4 Qe5 36. Kh1 Qe6 37. Nxe3 dxe3 38. Qe1 Qe5 39. Qc3 Qxc3 40. bxc3 Be5 41. c4 Bg3 42. h5 gxh5 1/2-1/2

[Event "Hamburg-chT Landesliga 1920"]
[Site "Hamburg"]
[Date "2020.01.19"]
[Round "5.1"]
[White "Weihrauch, Jakob"]
[Black "De Voogt, Juergen"]
[Result "1/2-1/2"]
[WhiteElo "2167"]
[BlackElo "2225"]
[PlyCount "45"]
[EventDate "2019.09.29"]
[EventType "team-tourn"]
[EventRounds "9"]
[EventCountry "GER"]
[SourceTitle "EXT 2021"]
[Source "ChessBase"]
[SourceDate "2020.10.23"]
[SourceVersion "1"]
[SourceVersionDate "2020.10.23"]
[SourceQuality "1"]

1. e4 c5 2. Nf3 e6 3. d4 cxd4 4. Nxd4 a6 5. Nc3 Qc7 6. f4 Bb4 7. Bd2 Nf6 8. Bd3 d6 9. g4 e5 10. Nf5 Bxf5 11. gxf5 Nbd7 12. Qf3 0-0-0 13. 0-0-0 exf4 14. Qxf4 Ne5 15. Kb1 d5 16. exd5 Nxd5 17. Nxd5 Bxd2 18. Qe4 Qd6 19. Bc4 Bg5 20. Nc3 Qc7 21. Nd5 Qd6 22. Nc3 Qc7 23. Nd5 1/2-1/2

[Event "Hamburg-chT Landesliga 1920"]
[Site "Hamburg"]
[Date "2019.11.24"]
[Round "3.2"]
[White "Jahncke, Giso"]
[Black "De Voogt, Juergen"]
[Result "1-0"]
[WhiteElo "2324"]
[BlackElo "2225"]
[PlyCount "55"]
[EventDate "2019.09.29"]
[EventType "team-tourn"]
[EventRounds "9"]
[EventCountry "GER"]
[SourceTitle "EXT 2021"]
[Source "ChessBase"]
[SourceDate "2020.10.23"]
[SourceVersion "1"]
[SourceVersionDate "2020.10.23"]
[SourceQuality "1"]

1. d4 f5 2. e4 fxe4 3. Nc3 Nf6 4. Bg5 e6 5. Bxf6 Qxf6 6. Nxe4 Qg6 7. Bd3 Qxg2 8. Ng3 Qd5 9. Qg4 Nc6 10. N1e2 b6 11. Bxh7 Bb7 12. Bg6+ Kd8 13. Be4 Qb5 14. 0-0-0 Na5 15. Nc3 Qb4 16. a3 Qe7 17. d5 Rh4 18. Qf3 Qg5+ 19. Kb1 Rf4 20. Qe2 exd5 21. Nxd5 Rf7 22. f4 Qh6 23. Rhe1 Kc8 24. Bf3 Nc6 25. Qe8+ Nd8 26. Nf5 Qh3 27. Qxf7 Qxf3 28. Qxf8 1-0

[Event "Niederbayernliga 1516"]
[Site "Bayern"]
[Date "2016.01.31"]
[Round "6.1"]
[White "Miesbauer, Jan"]
[Black "De Voogt, Juergen"]
[Result "1-0"]
[WhiteElo "2146"]
[BlackElo "2186"]
[PlyCount "55"]
[EventDate "2015.10.11"]
[EventType "team-tourn"]
[EventRounds "9"]
[EventCountry "GER"]
[SourceTitle "EXT 2023"]
[Source "ChessBase"]
[SourceDate "2022.10.05"]
[SourceVersion "1"]
[SourceVersionDate "2022.10.05"]
[SourceQuality "1"]
[WhiteTeam "Bayerwald Regen"]
[BlackTeam "Landshut"]
[WhiteTeamCountry "GER"]
[BlackTeamCountry "GER"]

1. e4 c5 2. Nf3 e6 3. d4 cxd4 4. Nxd4 a6 5. Nc3 Qc7 6. g3 Bb4 7. Nde2 Be7 8. Bg2 Nf6 9. 0-0 Nc6 10. h3 b5 11. a4 b4 12. Nd5 exd5 13. exd5 0-0 14. dxc6 dxc6 15. Bf4 Qb7 16. c4 Bf5 17. Nd4 Rad8 18. Bxc6 Qa7 19. Nxf5 Rxd1 20. Nxe7+ Qxe7 21. Rfxd1 Qe6 22. Bd5 Qxh3 23. Bg2 Qh5 24. Rac1 Ng4 25. c5 Qh2+ 26. Kf1 h5 27. f3 Nf6 28. Kf2 1-0

[Event "Niederbayernliga 1516"]
[Site "Bayern"]
[Date "2015.12.13"]
[Round "4.1"]
[White "Christlmaier, Martin"]
[Black "De Voogt, Juergen"]
[Result "0-1"]
[WhiteElo "1989"]
[BlackElo "2186"]
[PlyCount "116"]
[EventDate "2015.10.11"]
[EventType "team-tourn"]
[EventRounds "9"]
[EventCountry "GER"]
[SourceTitle "EXT 2023"]
[Source "ChessBase"]
[SourceDate "2022.10.05"]
[SourceVersion "1"]
[SourceVersionDate "2022.10.05"]
[SourceQuality "1"]
[WhiteTeam "Landau Dingolfing"]
[BlackTeam "Landshut"]
[WhiteTeamCountry "GER"]
[BlackTeamCountry "GER"]

1. e4 c5 2. c3 Nf6 3. e5 Nd5 4. Bc4 Nb6 5. Bb3 c4 6. Bc2 Nc6 7. Nf3 d6 8. exd6 Qxd6 9. d4 cxd3 10. Qxd3 Qxd3 11. Bxd3 e5 12. 0-0 f6 13. Nbd2 Be6 14. Re1 0-0-0 15. Bb5 Kc7 16. b3 Be7 17. Nf1 a6 18. Bxc6 bxc6 19. c4 Rd3 20. Re3 Rd1 21. Bb2 Rhd8 22. Rxd1 Rxd1 23. Re1 Rxe1 24. Nxe1 Bf5 25. a3 a5 26. Ne3 Bb1 27. Nf3 Bc5 28. Nd2 Bd3 29. Bc3 a4 30. bxa4 Nxa4 31. Bb4 Kb6 32. Nd1 Bd4 33. Be7 f5 34. g3 Bc5 35. Bd8+ Kb7 36. Nb3 Bd6 37. Na5+ Kc8 38. Bg5 Kc7 39. Bc1 Kb6 40. Nb3 Bxc4 41. Nd2 Bd3 42. Ne3 Kb5 43. Kg2 c5 44. Kf3 g6 45. g4 e4+ 46. Kg2 f4 47. Nd5 Be5 48. g5 Kc6 49. Ne7+ Kd7 50. Ng8 Ke6 51. h4 c4 52. Nh6 c3 53. Nb3 Be2 54. Na1 Nb2 55. a4 Nd3 56. Ba3 f3+ 57. Kg1 e3 58. Ng4 exf2+ 0-1

[Event "Regionalliga SO 1415"]
[Site "Bayern"]
[Date "2015.03.15"]
[Round "8.1"]
[White "Huber, Edwin"]
[Black "De Voogt, Juergen"]
[Result "0-1"]
[WhiteElo "2172"]
[BlackElo "2186"]
[PlyCount "62"]
[EventDate "2014.10.19"]
[EventType "team-tourn"]
[EventRounds "9"]
[EventCountry "GER"]
[SourceTitle "EXT 2018"]
[Source "ChessBase"]
[SourceDate "2017.10.13"]
[SourceVersion "1"]
[SourceVersionDate "2017.10.13"]
[SourceQuality "1"]
[WhiteTeam "Ilmmuenster"]
[BlackTeam "Landshut"]
[WhiteTeamCountry "GER"]
[BlackTeamCountry "GER"]

1. d4 Nf6 2. Nc3 d5 3. e4 dxe4 4. f3 c5 5. d5 Qa5 6. Bg5 Qb4 7. Qd2 Nbd7 8. 0-0-0 g6 9. h4 h5 10. a3 Qa5 11. fxe4 a6 12. Nf3 Ng4 13. d6 e6 14. Kb1 f6 15. Bf4 b5 16. Nd5 Qxd2 17. Nc7+ Kf7 18. Rxd2 Ra7 19. a4 e5 20. axb5 exf4 21. Bc4+ Kg7 22. bxa6 Kh6 23. Be6 Rh7 24. b4 cxb4 25. Nd4 Nge5 26. Ndb5 Rxa6 27. Nxa6 Bxa6 28. Nc7 Bb7 29. Re1 Nc5 30. Ne8 Nxe6 31. Nxf6 Rf7 0-1

[Event "Regionalliga SO 1415"]
[Site "Bayern"]
[Date "2015.02.01"]
[Round "6.1"]
[White "Prusikin, Michael"]
[Black "De Voogt, Juergen"]
[Result "1-0"]
[WhiteElo "2485"]
[BlackElo "2186"]
[PlyCount "63"]
[EventDate "2014.10.19"]
[EventType "team-tourn"]
[EventRounds "9"]
[EventCountry "GER"]
[SourceTitle "EXT 2018"]
[Source "ChessBase"]
[SourceDate "2017.10.13"]
[SourceVersion "1"]
[SourceVersionDate "2017.10.13"]
[SourceQuality "1"]
[WhiteTeam "Tegernsee"]
[BlackTeam "Landshut"]
[WhiteTeamCountry "GER"]
[BlackTeamCountry "GER"]

1. d4 Nf6 2. Nf3 c5 3. d5 e6 4. c4 b5 5. Bg5 exd5 6. cxd5 d6 7. e4 a6 8. Nfd2 Be7 9. Bf4 0-0 10. a4 bxa4 11. Nc3 Re8 12. Be2 Bf8 13. 0-0 Nbd7 14. Qxa4 Rb8 15. Qc2 Ne5 16. Bxe5 Rxe5 17. Bxa6 Bxa6 18. Rxa6 g6 19. Nc4 Rh5 20. Rfa1 Ng4 21. h3 Ne5 22. Nxe5 Rxe5 23. Nb1 Qe7 24. Nd2 Bh6 25. Ra8 Rxa8 26. Rxa8+ Kg7 27. Nf3 Rxe4 28. Qc3+ f6 29. Qa5 Qf7 30. Qd8 Bf4 31. g3 Be5 32. Rc8 1-0

[Event "Regionalliga SO 1415"]
[Site "Bayern"]
[Date "2014.12.07"]
[Round "4.1"]
[White "Ksieski, Zbigniew"]
[Black "De Voogt, Juergen"]
[Result "1-0"]
[WhiteElo "2355"]
[BlackElo "2186"]
[PlyCount "67"]
[EventDate "2014.10.19"]
[EventType "team-tourn"]
[EventRounds "9"]
[EventCountry "GER"]
[SourceTitle "EXT 2018"]
[Source "ChessBase"]
[SourceDate "2017.10.13"]
[SourceVersion "1"]
[SourceVersionDate "2017.10.13"]
[SourceQuality "1"]
[WhiteTeam "Germering"]
[BlackTeam "Landshut"]
[WhiteTeamCountry "GER"]
[BlackTeamCountry "GER"]

1. c4 Nf6 2. Nc3 c5 3. Nf3 e6 4. e4 d6 5. d4 cxd4 6. Nxd4 a6 7. Be2 Be7 8. 0-0 Qc7 9. Be3 Nbd7 10. f3 b6 11. Qd2 Ne5 12. Rfc1 Bb7 13. Na4 0-0 14. Rab1 Bd8 15. b4 Qd7 16. Nb2 Rc8 17. Nb3 d5 18. exd5 exd5 19. c5 b5 20. Rd1 Re8 21. Bf2 Bc6 22. Nd4 Nc4 23. Qc1 Qb7 24. Bd3 Bc7 25. Bf5 Rcd8 26. Nd3 Ra8 27. Bh3 Bd8 28. Nf5 Bd7 29. Bd4 Qc6 30. Nxg7 Bxh3 31. Nxe8 Nxe8 32. gxh3 Qg6+ 33. Kh1 Bg5 34. Nf4 1-0

[Event "Regionalliga SO 1415"]
[Site "Bayern"]
[Date "2014.11.09"]
[Round "2.1"]
[White "Uhlmann, Helge"]
[Black "De Voogt, Juergen"]
[Result "0-1"]
[WhiteElo "2067"]
[BlackElo "2186"]
[PlyCount "74"]
[EventDate "2014.10.19"]
[EventType "team-tourn"]
[EventRounds "9"]
[EventCountry "GER"]
[SourceTitle "EXT 2018"]
[Source "ChessBase"]
[SourceDate "2017.10.13"]
[SourceVersion "1"]
[SourceVersionDate "2017.10.13"]
[SourceQuality "1"]
[WhiteTeam "Graefelfing"]
[BlackTeam "Landshut"]
[WhiteTeamCountry "GER"]
[BlackTeamCountry "GER"]

1. d4 Nf6 2. Nf3 g6 3. c4 c5 4. d5 b5 5. cxb5 a6 6. bxa6 Bg7 7. Nc3 Bxa6 8. e4 Bxf1 9. Kxf1 d6 10. h3 0-0 11. Kg1 Nbd7 12. Kh2 Qa5 13. Re1 Rfb8 14. Kg1 Ne8 15. Qc2 Nb6 16. Nd1 Qb5 17. Qe2 Na4 18. Qxb5 Rxb5 19. Re2 Nc7 20. Rc2 f5 21. Nc3 Nxc3 22. bxc3 fxe4 23. Ng5 Nxd5 24. Nxe4 Ra4 25. f3 Nb6 26. Be3 Rc4 27. a4 Rxa4 28. Rxa4 Nxa4 29. Ra2 Rb1+ 30. Kh2 Be5+ 31. f4 Nxc3 32. Ra8+ Kg7 33. Nxc5 Nd5 34. fxe5 Nxe3 35. exd6 exd6 36. Ra7+ Kh6 37. Ne4 Nf1+ 0-1

[Event "Regionalliga SO 1213"]
[Site "Bayern"]
[Date "2013.01.13"]
[Round "5.1"]
[White "De Voogt, Juergen"]
[Black "Riedel, Wolfgang"]
[Result "0-1"]
[WhiteElo "2252"]
[BlackElo "2170"]
[PlyCount "74"]
[EventDate "2012.10.14"]
[EventType "team-tourn"]
[EventRounds "9"]
[EventCountry "GER"]
[SourceTitle "EXT 2015"]
[Source "ChessBase"]
[SourceDate "2014.11.20"]
[SourceVersion "1"]
[SourceVersionDate "2014.11.20"]
[SourceQuality "1"]
[WhiteTeam "Landshut"]
[BlackTeam "Graefelfing"]
[WhiteTeamCountry "GER"]
[BlackTeamCountry "GER"]

1. e4 e5 2. d4 exd4 3. Qxd4 Nc6 4. Qe3 g6 5. Nc3 Bg7 6. Bd2 d6 7. 0-0-0 Nge7 8. h4 h5 9. Nh3 a6 10. Nd5 0-0 11. Nhf4 Nxd5 12. Nxd5 Be6 13. Bc3 Ne5 14. Be2 Bxd5 15. Rxd5 Qe7 16. f4 Bh6 17. g4 c6 18. Rd2 Nxg4 19. Bxg4 hxg4 20. h5 g5 21. Rg1 f5 22. Qd4 Kh7 23. exf5 gxf4 24. Qd3 Qe3 25. f6+ Qxd3 26. Rxd3 g3 27. Kd1 d5 28. Rf3 Rae8 29. Bd4 Re4 30. c3 Bg5 31. f7 Kh6 32. Bc5 Rxf7 33. Rgxg3 b6 34. Bd6 Rf6 35. Bxf4 Rexf4 36. Rxf4 Rxf4 37. Rh3 Rf2 0-1